[Event "Challenge"]
[Site "http://www.queenalice.com/game.php?id=459941"]
[Date "2008.9.7"]
[Round "-"]
[White "amadeurr"]
[Black "bazymew"]
[Result "0-1"]
[WhiteElo "1238"]
[BlackElo "1194"]

1. e4 Nc6 2. Bc4 Nf6 3. Qf3 e5 4. d3 Bc5 5. Bg5 O-O 6. Nh3 Bxf2+ 7. Qxf2 d5 8.
exd5 Nd4 9. Bxf6 Qxf6 10. Qxf6 gxf6 11. O-O Nxc2 12. Rxf6 Nxa1 13. d6 Kh8 14.
Bxf7 Nc2 15. Rf2 Ne3 16. dxc7 Ng4 17. Rf3 Nh6 18. Ng5 Bg4 19. Rf6 Nxf7 20. Nxf7+
Kg8 21. Nh6+ Kg7 22. Rxf8 Rxf8 23. Nxg4 Rc8 24. d4 exd4 25. b4 Rxc7 26. a4 Rc1+
27. Kf2 Rxb1 28. Ne5 Rxb4 29. a5 Rb5 30. Nf3 Rxa5 31. Nxd4 b5 32. Nf5+ Kf6 33.
Nd4 b4 34. h3 Rf5+ 35. Nxf5 Kxf5 36. Ke2 Ke4 37. Kd2 Kf4 0-1

[Event "Challenge"]
[Site "http://www.queenalice.com/game.php?id=459943"]
[Date "2008.9.7"]
[Round "-"]
[White "amadeurr"]
[Black "darewing"]
[Result "0-1"]
[WhiteElo "1228"]
[BlackElo "2148"]

1. e4 e6 2. d3 c5 3. Nf3 Nc6 4. Bg5 Be7 5. Bxe7 Ngxe7 6. Be2 O-O 7. O-O d5 8. e5
Qc7 9. d4 Nxd4 10. Nxd4 cxd4 11. Qxd4 Nc6 12. Qh4 Nxe5 13. Bd3 Nxd3 14. cxd3 Bd7
15. a4 Qc2 16. Qb4 Rfc8 17. Qxb7 Bc6 18. Qe7 Qxb2 19. Ra3 d4 20. Rd1 Bxa4 21.
Rxa4 Rc1 22. Rf1 Qxb1 23. h3 Rxf1+ 24. Kh2 Qb8+ 25. g3 Rxf2+ 26. Kg1 Qxg3+ 27.
Kh1 Qg2# 0-1

[Event "Challenge"]
[Site "http://www.queenalice.com/game.php?id=460022"]
[Date "2008.9.7"]
[Round "-"]
[White "amadeurr"]
[Black "Edmilson9975"]
[Result "0-1"]
[WhiteElo "1240"]
[BlackElo "1377"]

1. e4 f5 2. exf5 Nf6 3. Bc4 d5 4. Bb5+ c6 5. Ba4 Bxf5 6. Nf3 Bg4 7. O-O Qd6 8.
Qe1 Nbd7 9. Nc3 e5 10. d4 Bxf3 11. dxe5 Nxe5 12. gxf3 Be7 13. f4 Nf3+ 14. Kg2
Nxe1+ 15. Rxe1 O-O 16. Be3 Nh5 17. Rad1 Rf5 18. Rd4 Raf8 19. Bb3 Qg6+ 20. Kf1
Bc5 21. Rdd1 Nxf4 22. Bxf4 Rxf4 23. Ne4 Kh8 24. Ng3 Rxf2+ 25. Kg1 Rxc2+ 26. Kh1
h6 27. Bxc2 Qxc2 28. Rf1 Rxf1+ 29. Rxf1 d4 30. Nh5 Qe4+ 31. Kg1 d3+ 32. Rf2 Qg4+
33. Kf1 Qxh5 34. Rd2 Qh3+ 35. Ke1 Bb4 36. a3 Qe3+ 0-1

[Event "Challenge"]
[Site "http://www.queenalice.com/game.php?id=460150"]
[Date "2008.9.8"]
[Round "-"]
[White "amadeurr"]
[Black "Greeley"]
[Result "0-1"]
[WhiteElo "1228"]
[BlackElo "1500"]

1. e4 Nf6 2. Bc4 Nxe4 3. Qf3 Nf6 4. d3 e6 5. Bg5 Be7 6. Bxf6 Bxf6 7. Nh3 d5 8.
Bb5+ c6 9. Ba4 Bxb2 10. c3 Bxa1 11. Qh5 h6 12. O-O Nd7 13. c4 Nf6 14. Qh4 O-O
15. Ng5 Nh7 16. f4 hxg5 17. fxg5 Qxg5 18. Qxg5 Nxg5 19. cxd5 exd5 20. h4 Nh7 0-1

[Event "Challenge"]
[Site "http://www.queenalice.com/game.php?id=460415"]
[Date "2008.9.8"]
[Round "-"]
[White "amadeurr"]
[Black "Jake"]
[Result "0-1"]
[WhiteElo "1228"]
[BlackElo "1161"]

1. e4 e6 2. d3 Qf6 3. Nf3 Bc5 4. Bg5 Qg6 5. Qc1 f6 6. Bh4 Ne7 7. Ng5 fxg5 8.
Bxg5 Qf7 9. Qf4 e5 10. Qxf7+ Kxf7 11. Nc3 Nbc6 12. O-O-O Bxf2 13. Nb5 h6 14.
Nxc7 Rb8 15. Bxe7 Nxe7 16. Rd2 Be3 17. Be2 b6 18. Bh5+ g6 19. Rf1+ Nf5 20. Bxg6+
Kxg6 21. Rxf5 Bb7 22. Rxe5 Rhf8 23. b3 Rf1+ 24. Kb2 Bd4+ 0-1

[Event "Challenge"]
[Site "http://www.queenalice.com/game.php?id=461587"]
[Date "2008.9.11"]
[Round "-"]
[White "amadeurr"]
[Black "Gambitshark"]
[Result "0-1"]
[WhiteElo "1242"]
[BlackElo "2641"]

1. e4 e5 2. Bc4 Nf6 3. Nf3 Nxe4 4. Qe2 d5 5. Bb5+ c6 6. Ba4 f6 7. O-O Be7 8. d3
Nc5 9. d4 Nxa4 10. dxe5 O-O 11. exf6 Bxf6 12. c4 Nb6 13. cxd5 Nxd5 14. a4 Bg4
15. b3 Bxa1 16. Qc4 Bxf3 17. Ba3 Qg5 18. g3 Rf4 19. Nd2 Rxc4 20. bxc4 Qxd2 21.
cxd5 Qxd5 22. Rxa1 Qh5 23. Rb1 Qh3 24. Rf1 Qg2# 0-1

[Event "Challenge"]
[Site "http://www.queenalice.com/game.php?id=467194"]
[Date "2008.9.23"]
[Round "-"]
[White "amadeurr"]
[Black "reniflex"]
[Result "0-1"]
[WhiteElo "1238"]
[BlackElo "1141"]

1. e4 e5 2. Bc4 Qe7 3. Qf3 Qe6 4. Bxe6 dxe6 5. Nh3 Nf6 6. Qb3 Nxe4 7. Qa4+ Bd7
8. Qxe4 Bc6 9. Qxe5 Nd7 10. Qe3 Bc5 11. Qc3 Bxg2 12. Qxg7 Rf8 13. Rg1 Bxh3 14.
Qxh7 Bf5 15. Qh6 Bxc2 16. Qg7 Ke7 17. Qg2 c6 18. Qg5+ f6 19. Qg7+ Rf7 20. Qh6 a5
0-1

[Event "Challenge"]
[Site "http://www.queenalice.com/game.php?id=471966"]
[Date "2008.10.3"]
[Round "-"]
[White "amadeurr"]
[Black "DG"]
[Result "0-1"]
[WhiteElo "1238"]
[BlackElo "1105"]

1. e4 e5 2. Bc4 Nf6 3. Nf3 Nc6 4. Ng5 Qe7 5. O-O d5 6. exd5 Na5 7. d6 cxd6 8. b4
Nxc4 9. Qe2 d5 10. d4 h6 11. dxe5 Nd7 12. Bf4 hxg5 0-1

[Event "Challenge"]
[Site "http://www.queenalice.com/game.php?id=477098"]
[Date "2008.10.14"]
[Round "-"]
[White "amadeurr"]
[Black "chuckvondra"]
[Result "0-1"]
[WhiteElo "1240"]
[BlackElo "1977"]

1. e4 c5 2. Bc4 Nf6 3. Nf3 d6 4. Ng5 e6 5. O-O d5 6. exd5 exd5 7. Bb5+ Bd7 8.
Bxd7+ Nbxd7 9. Qe2+ Qe7 10. Qxe7+ Bxe7 11. c3 O-O 0-1

[Event "Challenge"]
[Site "http://www.queenalice.com/game.php?id=533355"]
[Date "2009.2.1"]
[Round "-"]
[White "amadeurr"]
[Black "Pinocchio"]
[Result "0-1"]
[WhiteElo "1251"]
[BlackElo "1752"]

1. e4 e5 2. Bc4 Nf6 3. Nf3 d5 4. exd5 e4 5. Qe2 Be7 6. Ng5 Bg4 7. Qe3 O-O 8. d6
cxd6 9. h3 Bf5 10. Nxf7 Rxf7 11. d3 d5 12. Bb3 exd3 13. cxd3 Bb4+ 14. Bd2 Re7
0-1